000 00764nam a2200193Ia 4500
003 GCL
008 140319s9999 xx 000 0 ara d
040 _aGCL /
_cGCL
082 0 4 _a621.38195
_bم م
100 1 _aمحمد رشاد الدين مصطفى
245 1 0 _aالمساحة الهندسية والكومبيوتر /
_cمحمد رشاد الدين مصطفى
260 _aالقاهرة :
_bدار الراتب الجامعية
300 _a290 ص ؛
_c24 سم
650 0 4 _aالهندسة الالكترونية
650 0 4 _aهندسة الحاسبات الالكترونية
650 0 4 _aالحاسبات الالكترونية - تصميم
650 0 4 _aالحاسبات الالكترونية - تصميمات هندسية
942 _2ddc
_cBK
999 _c56330
_d56330